000 00689nam a22002297a 4500
003 UA-OsUOA
001 54022
007 ta
008 20080516b un ||||| |||| 00| 0 ukr d
090 _a821.161.2-2
_bК53
942 _cBK
040 _aUA-OsUOA
_bukr
_cUA-OsUOA
_dUA-OsUOA
245 _aКнига Йова. Книга Єклєзіяста
_bУ переспівах Миколи Карпенка
300 _a128 с.
955 _a2
041 _aukr
080 _a821.161.2-2
020 _a966-8387-08-2
260 _aК.
_bВидавець Вадим Карпенко
_c2006
650 7 _a82 Література. Літературознавство
_2UDC
999 _c340109
_d340109